| 000 | 01030cam a22003017a 4500 | ||
|---|---|---|---|
| 003 | CHAP | ||
| 005 | 20220329135207.0 | ||
| 008 | 971013s1974 r 00010 d | ||
| 010 | _a32418 | ||
| 011 | _a33390 | ||
| 035 | _a37505 | ||
| 040 | _cCHAP | ||
| 090 | _aTesis | ||
| 100 | 0 | 0 |
_aMata Casso, Marcelo. _972858 |
| 245 | 0 | _aPrueba comparativa de cinco fechas de siembra en el cultivo del cártamo (Carthamus tinctorius L.) en el municipio de General Escobedo, N.L. | |
| 260 |
_aMonterrey, N.L. : _bEl autor, _c1974 |
||
| 300 | _a43 h | ||
| 502 | _aTesis (Ing. Agrónomo) -- Univ. Autónoma de Nuevo León. Fac. de Agronomía | ||
| 590 |
_aALEPH _b10 _c20130110 _lUCH01 _h1256 |
||
| 590 |
_aBATCH-UPD _b10 _c20130110 _lUCH01 _h0224 |
||
| 590 |
_aBATCH-UPD _b10 _c20130110 _lUCH01 _h2130 |
||
| 590 |
_aCONVERSION _b10 _c20130109 _lUCH01 _h1318 |
||
| 650 | 1 | 4 |
_aAzafrancillo _xFechas de siembra. _99063 |
| 650 | 1 | 4 |
_aAzafrancillo _xRendimiento. _99075 |
| 901 | _aBK | ||
| 942 | _cTESIS | ||
| 949 |
_bBC _cTES _d-86000 _eTS1 _i37505 _si |
||
| 999 |
_c32418 _d32418 |
||